Madame Bovary

Spremljeno u:
Bibliografski detalji
Glavni autor: Flaubert, Gustave
Format: Knjiga
Jezik:Undetermined
Izdano: New York, Estados Unidos The Modern Library 1957
Teme:
Oznake: Dodaj oznaku
Bez oznaka, Budi prvi tko označuje ovaj zapis!

MARC

LEADER 00000nam a2200000Ia 4500
008 170316s9999 xx 000 0 und d
040 |a cru BVZT 
090 |a 840 F-5m 
100 |a Flaubert, Gustave 
245 |a Madame Bovary 
260 |a New York, Estados Unidos 
260 |b The Modern Library 
260 |c 1957 
300 |a 396 páginas 
650 |a LITERATURA FRANCESA 
999 |c 7674  |d 7674 
942 |c 15 D  |h 840 F-5m  |2 z